Formel 1 Fahrerwertung 2023 - Statistiken

Allgemein
  • Dieses Quiz wurde 347 mal gespielt
  • Das Durchschnittsergebnis liegt bei 16 aus 22
Antwortstatistiken
Platzierung Punkte Fahrer % Korrekt
1 575 Max Verstappen
100%
2 285 Sergio Perez
97%
3 234 Lewis Hamilton
93%
5 206 Charles Leclerc
86%
7 200 Carlos Sainz
83%
4 206 Fernando Alonso
83%
6 205 Lando Norris
82%
9 97 Oscar Piastri
76%
8 175 George Russell
74%
10 74 Lance Stroll
70%
12 58 Esteban Ocon
68%
11 62 Pierre Gasly
68%
21 1 Logan Sargeant
65%
16 9 Nico Hülkenberg
64%
14 17 Yuki Tsunoda
64%
13 27 Alexander Albon
63%
15 10 Valtteri Bottas
61%
22 0 Nyck de Vries
59%
17 6 Daniel Ricciardo
58%
19 3 Kevin Magnussen
56%
18 6 Guanyu Zhou
53%
20 2 Liam Lawson
49%
Keine übereinstimmenden Quizze gefunden
Verteilung der Resultate
Anzahl Personen mit jedem Resultat
Perzentil nach korrekt beantworteten Fragen
Ihre Resultats-Entwicklung
Sie haben dieses Quiz noch nicht gespielt